| 000 | 00745nam a22001577a 4500 | ||
|---|---|---|---|
| 003 | OSt | ||
| 005 | 20151005142432.0 | ||
| 008 | 151005b xxu||||| |||| 00| 0 eng d | ||
| 040 | _cRUA | ||
| 082 | _a AVM CHH 2001 B072 Or.1 | ||
| 100 |
_92042 _aCHHUP, THAVITH. |
||
| 245 | _aFertility rate natural pig insemination in than sovyra farm at prek leap phnom penh, អត្រាបង្កកំណើតនៃការបង្កាត់ពូជជ្រូកតាមធម្មជាតិនៅស្ថានីយ៏ចញ្ចឹមសត្វ ថន សូវីរ៉ា ព្រែកលៀបរាជធានីភ្នំពេញ | ||
| 260 |
_aPhnom Penh _bRUA _c2001 |
||
| 300 |
_aviii; 39p. _bill. _c29cm. |
||
| 942 |
_2ddc _cAVM |
||
| 999 |
_c1928 _d1928 |
||